Hauptstädte von Australien und den Ländern Ozeaniens - anhand der ersten beiden Buchstaben in 30 Sekunden - Statistiken

Allgemein
  • Dieses Quiz wurde 366 mal gespielt
  • Das Durchschnittsergebnis liegt bei 8 aus 14
Antwortstatistiken
Hauptstadt % Korrekt
Ca
92%
We
83%
Po
82%
Po
82%
Su
58%
Ap
57%
Ma
57%
Fu
55%
Nu
51%
Pa
49%
So
48%
Ya
45%
Ho
39%
Me
23%
Keine übereinstimmenden Quizze gefunden
Verteilung der Resultate
Anzahl Personen mit jedem Resultat
Perzentil nach korrekt beantworteten Fragen
Ihre Resultats-Entwicklung
Sie haben dieses Quiz noch nicht gespielt